000 00987nam a2200205 a 4500
001 38060
005 20180714011218.0
008 140415s1998 mx 000 0 spa d
020 _a9701017765
041 _aspa
082 _a616.99465
_bONC
245 0 0 _aONCOLOGIA GINECOLOGICA :
_bDIAGNOSTICO Y TRATAMIENTO
250 _a1a ed.
260 _aMEXICO :
_bMCGRAW-HILL INTERAMERICANA EDITORES,
_c1998
300 _a600
_cx 22 x 28
520 _aDESDE EL PUNTO DE VISTA CLÍNICO Y DE INVESTIGACIÓN, ESTA OBRA INCLUYE TEMAS QUE COMETEN A TODAS LAS ÁREAS DE LA GINECOLOGÍA ONCOLÓGICA. LA CARACTERÍSTICA MÁS IMPORTANTE, ES EL ABORDAJE EQUILIBRADO QUE HACE TANTO DEL PRONÓSTICO DE LA ENFERMDAD COMO DE SU TRATAMIENTO, UN ASPECTO QUE LA CONVIERTE EN TECTO PARA CUBRIR UN HUECO EN LA ENSEÑANZA DE ESTA ESPECIALIDAD.
650 1 4 _aGINECOLOGIA
_xONCOLOGIA
700 1 _aFLORES FLORES, GUILLERMO
_etr.
740 _aGYNECOLOGIC ONCOLOGY:CURRENT DIAGNOSIS AND TREATMENT
999 _c38060
_d38060